[Event "Czech GM Open A"]
[Site "Pardubice CZE"]
[Date "2011.07.23"]
[Round "2.6"]
[White "Zvara,P"]
[Black "Grigoriants,S RUS"]
[Result "0-1"]
[WhiteElo "2409"]
[BlackElo "2566"]

1.e4 c5 2.Nf3 e6 3.d4 cxd4 4.Nxd4 Nc6 5.Nc3 d6 6.g4 a6 7.Be3 Nge7 8.g5 b5
9.f4 Bb7 10.Bg2 Na5 11.O-O Nc4 12.Bc1 Rc8 13.b3 Nb6 14.Bb2 d5 15.f5 e5 16.Nf3 d4
17.Ne2 Bxe4 18.Ng3 Bxf3 19.Qxf3 Ned5 20.Qe4 Bd6 21.f6 g6 22.Bxd4 O-O 23.Bb2 Qc7
24.Bh3 Rcd8 25.Rfe1 Nf4 26.Bg4 h5 27.gxh6 Nbd5 28.h7+ Kxh7 29.Ne2 Nxf6 30.Qf3 e4
31.Qf1 Nxg4 32.Nxf4 Bxf4 33.Qh3+ Nh6 34.Qh4 Rfe8  0-1

[Event "Czech GM Open A"]
[Site "Pardubice CZE"]
[Date "2011.07.23"]
[Round "2.80"]
[White "Bochis,J"]
[Black "Ageichenko,G"]
[Result "0-1"]
[WhiteElo "2124"]
[BlackElo "2356"]

1.e4 c5 2.Nf3 e6 3.d4 cxd4 4.Nxd4 Nc6 5.Nc3 a6 6.Be2 Qc7 7.O-O Nf6 8.Be3 Be7
9.f4 d6 10.a4 O-O 11.Kh1 Re8 12.a5 Bf8 13.Nb3 Nd7 14.Na4 Nc5 15.Naxc5 dxc5
16.Nxc5 Nxa5 17.b4 Nc6 18.c3 Rb8 19.Qe1 Bd7 20.Qf2 Ne7 21.f5 Nc8 22.Nxd7 Qxd7
23.fxe6 fxe6 24.Rad1 Qc7 25.Bf4 Nd6 26.Qc5 Qxc5 27.bxc5 Nxe4 28.Bxb8 Rxb8
29.Bf3 Nxc5 30.Rd4 b5 31.Rb1 Be7 32.Rdb4 Bf6 33.c4 Bc3 34.cxb5 Bxb4 35.Rxb4 Rxb5
36.Rd4 Rb1+ 37.Rd1 Rxd1+ 38.Bxd1 a5 39.Be2 a4 40.Kg1 a3 41.Bc4 Ne4 42.Bxe6+ Kf8
43.g4 Nc3 44.Kf2 Ke7 45.Bg8 Kd6 46.Bb3 a2 47.Bxa2 Nxa2 48.Ke3 Ke5 49.h4 Nb4
50.Kf3 Nd5 51.h5 h6 52.Kg3 Ke4 53.g5 Kf5 54.gxh6 gxh6 55.Kh4 Nf6  0-1

[Event "Czech GM Open A"]
[Site "Pardubice CZE"]
[Date "2011.07.23"]
[Round "2.51"]
[White "Bodnaruk,A"]
[Black "Saiyn,Z"]
[Result "0-1"]
[WhiteElo "2431"]
[BlackElo "2077"]

1.e4 c5 2.Nf3 Nc6 3.d4 cxd4 4.Nxd4 e6 5.Nc3 Qc7 6.g3 a6 7.Bg2 Nf6 8.O-O Nxd4
9.Qxd4 Bc5 10.Bf4 d6 11.Qd2 h6 12.Rad1 e5 13.Be3 Bg4 14.f3 Be6 15.Kh1 O-O
16.Bxc5 dxc5 17.Nd5 Bxd5 18.exd5 Qd6 19.c4 Rfe8 20.Rfe1 Rad8 21.Re3 Kf8 22.Rde1 b6
23.Qc3 Nd7 24.Bh3 f6 25.Bf5 Kf7 26.f4 Nf8 27.fxe5 fxe5 28.Rxe5 Rxe5 29.Rxe5 Qf6
30.Kg2 Rd6 31.Qe3 g6 32.Bc2 Rd7 33.Bd3 h5 34.Qf4 Re7 35.Rg5 Kg7 36.b3 Re1
37.Qd2 Ra1 38.a4 Ra3 39.Qf4 Rxb3 40.Bf5 Rb2+ 41.Kh3 Re2 42.Bd3 Rf2 43.Qe5 Rd2
44.Bb1 Kf7 45.Qf4 Rd4 46.Qc1 Qf2 47.d6 Rxd6 48.Rd5 Rf6 49.Be4 Ne6 50.Rd7+ Kf8
51.Qh6+ Ke8 52.Rd2 Nf4+ 53.gxf4 Qe3+ 54.Kh4 Rf7 55.Kg5 Re7 56.Kxg6 Re6+  0-1

[Event "Czech GM Open A"]
[Site "Pardubice CZE"]
[Date "2011.07.23"]
[Round "2.20"]
[White "Sarkozy,L"]
[Black "Haba,P"]
[Result "0-1"]
[WhiteElo "2364"]
[BlackElo "2504"]

1.e4 c5 2.Nf3 Nc6 3.d4 cxd4 4.Nxd4 e6 5.Nc3 Qc7 6.Be3 a6 7.Qd2 Nf6 8.f3 Bb4
9.a3 Be7 10.g4 O-O 11.h4 b5 12.Nxc6 dxc6 13.O-O-O b4 14.axb4 Bxb4 15.Qd4 Rb8
16.Na2 e5 17.Qxb4 Rxb4 18.Nxb4 Be6 19.Nxa6 Qa5 20.Nc5 Qa1+ 21.Kd2 Qxb2 22.Bd3 Qb4+
23.Ke2 Bc4 24.Rb1 Qc3 25.Bd2 Qxc2 26.Rhc1 Bxd3+ 27.Nxd3 Qa4 28.Rb4 Qa6 29.Rbc4 Rd8
30.R1c3 h5 31.Rxc6 Qa7 32.g5 Nd7 33.Rc8 Rxc8 34.Rxc8+ Kh7 35.Rc1 Qb6 36.Ra1 Qe6
37.Ra5 Qh3 38.Be1 Qe6 39.Bd2 Qc4 40.Ke3 Qb3 41.Ke2 Qc4 42.Ra3 Nf8 43.Rc3 Qa6
44.Kf2 Qa2 45.Ke3 Ng6 46.Be1 Qh2 47.Rc5 Nf4  0-1

[Event "Poznan Summer Open"]
[Site "Poznan POL"]
[Date "2011.07.23"]
[Round "8.12"]
[White "Chojnacki,T"]
[Black "Palasz,K"]
[Result "0-1"]
[WhiteElo "1874"]
[BlackElo "1734"]

1.e4 c5 2.Nf3 e6 3.d4 cxd4 4.Nxd4 Nc6 5.Nc3 Qc7 6.Be2 Nf6 7.Be3 Bb4 8.O-O Nxd4
9.Bxd4 e5 10.Nb5 Qb8 11.Bc3 Bc5 12.b4 Be7 13.f4 d6 14.Bd3 a6 15.Na3 b5 16.Kh1 Bb7
17.Qe2 O-O 18.Rae1 Nd7 19.Rf3 exf4 20.Rxf4 Ne5 21.Nb1 Qc7 22.a3 Rae8 23.Bd4 Bc8
24.Nc3 Bg5 25.Nd5 Qb7 26.Bxe5 Rxe5 27.Rff1 h5 28.Qf3 Bd2 29.Rd1 Bg4 30.Qg3 Bxd1
31.Rxd1 Bh6 32.h4 Kh8 33.Rf1 Qd7 34.Rf5 Rfe8 35.Rf3 Qb7 36.Qf2 f6 37.Qg3 f5
38.Qg6 fxe4 39.Bxe4 Rxe4 40.Nf6 Rxh4+ 41.Kg1 Qa7+  0-1

[Event "Czech GM Open A"]
[Site "Pardubice CZE"]
[Date "2011.07.24"]
[Round "3.17"]
[White "Rasik,V"]
[Black "Saiyn,Z"]
[Result "1-0"]
[WhiteElo "2475"]
[BlackElo "2077"]

1.e4 c5 2.Nf3 e6 3.d4 cxd4 4.Nxd4 Nc6 5.Nc3 Qc7 6.Be3 a6 7.Qd2 Nf6 8.O-O-O Bb4
9.f3 Ne5 10.Nb3 b5 11.Qd4 Nc6 12.Qb6 Qxb6 13.Bxb6 Be7 14.Bc7 O-O 15.Bd6 Bxd6
16.Rxd6 Rd8 17.Be2 Kf8 18.Rhd1 Ke7 19.a3 Ne8 20.R6d2 d6 21.Nd4 Nxd4 22.Rxd4 Bb7
23.a4 bxa4 24.Rxa4 Rdc8 25.Rb4 Ra7 26.Rxb7+ Rxb7 27.Bxa6 Rxc3 28.Bxb7 Rc5
29.Ba6 Rh5 30.h3 Ra5 31.Bf1 Ra1+ 32.Kd2 Rxd1+ 33.Kxd1 Nf6 34.Kd2 Kd8 35.Ke3 g5
36.f4 gxf4+ 37.Kxf4 h6 38.g4 Nh7 39.e5 d5 40.c4 dxc4 41.Bxc4 Nf8 42.b4 Nd7
43.Bb5 Nb6 44.Bc6 Nc4 45.Ke4 Nb6 46.Kd4 Nc8 47.Kc5 Ne7 48.b5 Ng6 49.Kd6 Ne7
50.b6 Nc8+ 51.Kc5 Ne7 52.Be8  1-0

[Event "Czech GM Open A"]
[Site "Pardubice CZE"]
[Date "2011.07.24"]
[Round "3.86"]
[White "Martin Alvarez,I"]
[Black "Vesecky,M"]
[Result "1-0"]
[WhiteElo "2315"]
[BlackElo "2083"]

1.e4 c5 2.Nf3 e6 3.Nc3 Nc6 4.d4 cxd4 5.Nxd4 Nf6 6.Ndb5 Bb4 7.a3 Bxc3+ 8.Nxc3 d5
9.exd5 exd5 10.Bd3 O-O 11.O-O d4 12.Ne2 Bg4 13.f3 Bh5 14.Qd2 Nd5 15.b4 Ne3
16.Rf2 a6 17.Bb2 Qg5 18.Nxd4 Rad8 19.Nxc6 bxc6 20.Re1 Rfe8 21.Rfe2 Bxf3 22.Rxe3 Rxe3
23.Rxe3  1-0

[Event "Czech GM Open A"]
[Site "Pardubice CZE"]
[Date "2011.07.24"]
[Round "3.7"]
[White "Shanava,K"]
[Black "Gonzalez Menendez,I"]
[Result "1-0"]
[WhiteElo "2535"]
[BlackElo "2448"]

1.e4 c5 2.Nf3 e6 3.d4 cxd4 4.Nxd4 Nc6 5.Nc3 Qc7 6.Be3 a6 7.Bd3 Nf6 8.Nb3 b5
9.f4 d6 10.Qf3 Bb7 11.O-O Be7 12.Qh3 h5 13.Kh1 Nb4 14.a3 Nxd3 15.cxd3 Rc8
16.Nd4 Qd7 17.Rae1 Ng4 18.Bg1 f5 19.exf5 exf5 20.Re6 Rxc3 21.bxc3 Bd5 22.Re2 Kf7
23.Nf3 g6 24.Bd4 Rc8 25.Rfe1 Bd8 26.Qg3  1-0

[Event "20th ch-MKD Open"]
[Site "Struga MKD"]
[Date "2011.07.24"]
[Round "9"]
[White "Stojanovski,D"]
[Black "Zmijanac,D"]
[Result "1/2-1/2"]
[WhiteElo "2427"]
[BlackElo "2179"]

1.e4 c5 2.Nf3 e6 3.Nc3 Nc6 4.d4 cxd4 5.Nxd4 Qc7 6.Nb3 a6 7.Bd3 b5 8.O-O Bb7
9.a3 Nf6 10.f4 d6 11.Qf3 Be7 12.Bd2 O-O 13.Rae1 b4 14.Nd1 a5 15.a4 Nd7 16.Qh3 Nb6
17.f5  1/2-1/2

[Event "ch-SWE Master Elite"]
[Site "Vasteras SWE"]
[Date "2011.07.24"]
[Round "9"]
[White "Lindberg,Be"]
[Black "Tikkanen,H"]
[Result "0-1"]
[WhiteElo "2391"]
[BlackElo "2596"]

1.e4 c5 2.Nf3 e6 3.d4 cxd4 4.Nxd4 Nc6 5.Nc3 Qc7 6.Be3 a6 7.Bd3 Nf6 8.O-O Ne5
9.h3 Nc4 10.Bxc4 Qxc4 11.e5 Nd5 12.Nxd5 Qxd5 13.Nf3 Qxd1 14.Rfxd1 b5 15.a4 Rb8
16.Ba7 Rb7 17.Bd4 b4 18.Nd2 Rc7 19.b3 Bb7 20.Nc4 Bd5 21.Ne3 Ba8 22.Rd2 Be7
23.Rad1 f6 24.f4 Be4 25.a5 Rb7 26.Bb6 fxe5 27.fxe5 Bg5 28.Nc4 O-O 29.Nd6 Rxb6
30.axb6 Be3+ 31.Kh1 Bc6 32.Nc4 Bxd2 33.Rxd2 Rb8 34.Rd4 h6 35.Kg1 g5 36.h4 gxh4
37.Rxh4 Kh7 38.Rg4 h5 39.Rf4 Kg6 40.Rf6+ Kg7 41.Nd6 Rxb6 42.Rf7+ Kg8 43.Rf4 a5
44.Kh2 Rb8 45.g4 Rf8 46.Rxf8+ Kxf8 47.gxh5 a4 48.bxa4 Bxa4 49.Kg3 Bxc2 50.Kf4 Kg7
51.Ke3 Kh6 52.Kd4 Ba4 53.Ne4 Kxh5 54.Kc4 b3 55.Kc3 Bc6 56.Nd6 Bd5 57.Kb2 Kg5
58.Kc3 Kf4 59.Nf7 Ke4 60.Kb2 Kd4 61.Ka3 Kc3 62.Nd6 b2 63.Nb5+ Kc2 64.Nd4+ Kd3  0-1

[Event "15th Godesburg Open"]
[Site "Bad Godesberg GER"]
[Date "2011.07.25"]
[Round "3.16"]
[White "Maassen,H"]
[Black "Florstedt,Johannes"]
[Result "0-1"]
[WhiteElo "1839"]
[BlackElo "2087"]

1.e4 c5 2.Nf3 e6 3.d4 cxd4 4.Nxd4 Nc6 5.Nc3 Qc7 6.Be2 a6 7.O-O Nf6 8.a3 Bd6
9.g3 Be5 10.Be3 b5 11.f4 Bxd4 12.Bxd4 Nxd4 13.Qxd4 O-O 14.e5 Ne8 15.Bf3 Rb8
16.Rad1 f5 17.exf6 Nxf6 18.Qd6 Qa7+ 19.Qd4 Qc7 20.Qd6 Qb6+ 21.Qxb6 Rxb6 22.Rd4 Bb7
23.Bxb7 Rxb7 24.h3 Rfb8 25.g4 b4 26.Na4 bxa3 27.bxa3 Rc7 28.Rf2 Rb1+ 29.Kg2 Nd5
30.Re2 Ra1 31.c4 Nf6 32.Re3 Kf7 33.g5 Nh5 34.Red3 Ke8 35.Nb6 Rb7 36.Kf3 Rxb6  0-1

[Event "Biel MTO Open"]
[Site "Biel SUI"]
[Date "2011.07.25"]
[Round "7"]
[White "Heimann,An"]
[Black "Bauer,Ch"]
[Result "0-1"]
[WhiteElo "2498"]
[BlackElo "2637"]

1.e4 c5 2.Nf3 e6 3.d4 cxd4 4.Nxd4 Nc6 5.Nc3 Qc7 6.Be2 Nf6 7.O-O Be7 8.Be3 O-O
9.Kh1 d6 10.f4 Nxd4 11.Qxd4 b6 12.Bf3 Bb7 13.Rfd1 Rfd8 14.Nb5 Qc6 15.Qd3 e5
16.Nc3 Rac8 17.a4 Qc4 18.a5 exf4 19.Bxf4 bxa5 20.Rxa5 a6 21.Ra4 Qc5 22.Be3 Qc7
23.Rd2 Nd7 24.Nd5 Bxd5 25.Qxd5 Nb6 26.Bxb6 Qxb6 27.c3 Bf6 28.Rb4 Qe3 29.Rd1 Be5
30.Qd2 Qa7 31.Rf1 Rb8 32.Rxb8 Rxb8 33.Be2 Qe7 34.Qd5 g6 35.g3 Rxb2 36.Qa8+ Kg7
37.Qxa6 Bxg3 38.hxg3 Qxe4+ 39.Bf3 Qc2  0-1

[Event "Open NK"]
[Site "Dieren NED"]
[Date "2011.07.25"]
[Round "6"]
[White "Koffeman, Timo"]
[Black "Partenheimer, Axel"]
[Result "1/2-1/2"]
[WhiteElo "2101"]
[BlackElo "2206"]

1.e4 c5 2.Nf3 e6 3.d4 cxd4 4.Nxd4 Nc6 5.Nc3 Qc7 6.g3 a6 7.Bg2 d6 8.O-O Bd7
9.Re1 Be7 10.Nxc6 Bxc6 11.a4 Nf6 12.Be3 O-O 13.a5 Rae8 14.Qd3 Nd7 15.f4 Rc8
16.Qe2 Rfe8 17.Qf2 Bf8 18.Red1 g6 19.Bd4 e5 20.Be3 exf4 21.Qxf4 Ne5 22.Bh3 Ra8
23.Bb6 Qe7 24.Nd5 Bxd5 25.exd5 f5 26.Rac1 Nf7 27.Qf2 Ng5 28.Bg2 Bh6 29.Rb1 Ne4
30.Bxe4 Qxe4 31.b3 f4 32.c4 fxg3 33.Qxg3 Bf4 34.Qd3 Qe5 35.Qh3 Qg5+ 36.Qg2 Qh5
37.Re1 Re5 38.Rxe5 Qxe5 39.Rf1 Rf8 40.Kh1 Rf5 41.Bg1 g5 42.Qg4 Qe4+ 43.Qg2 Re5
44.Qxe4 Rxe4 45.Rd1 Re8  1/2-1/2

[Event "Open NK"]
[Site "Dieren NED"]
[Date "2011.07.25"]
[Round "6"]
[White "Timman, Jan"]
[Black "Van der Poel, Henk"]
[Result "1/2-1/2"]
[WhiteElo "2575"]
[BlackElo "2292"]

1.e4 c5 2.Nf3 e6 3.d4 cxd4 4.Nxd4 Nc6 5.Nc3 Qc7 6.Be3 a6 7.Qd2 Nf6 8.O-O-O Bb4
9.f3 O-O 10.g4 b5 11.g5 Ne8 12.Nxc6 dxc6 13.Qf2 e5 14.Bc5 Bxc5 15.Qxc5 Be6
16.h4 f6 17.Bh3 Bxh3 18.Rxh3 Rf7 19.Rg3 Rc8 20.h5 fxg5 21.Rxg5 Qe7 22.Rxe5 Qxc5
23.Rxc5 Rxf3 24.Nd5 Kf8 25.Nb6 Rc7 26.Nd7+ Kg8 27.Re5 Nf6 28.Nc5 Rc8 29.Rg1 Re8
30.Rxe8+ Nxe8 31.Nxa6 Re3 32.Nc5 Nd6 33.h6 g6 34.Rf1 Nf7 35.b3 Nxh6 36.a4 bxa4
37.bxa4 Nf7 38.Kb2 Nd6 39.c3 h5 40.Kb3 Nxe4 41.Nxe4 Rxe4 42.a5 h4 43.a6 Kg7
44.Ra1 Re8 45.Kc4 g5 46.Kc5 Kg6 47.a7 Ra8 48.Kxc6 h3 49.Kb7 Rxa7+ 50.Kxa7 g4
51.c4 h2 52.c5 g3 53.c6 g2 54.c7 g1=Q+ 55.Rxg1+ hxg1=Q+ 56.Kb7 Qb1+ 57.Ka7 Qc2
58.Kb7 Qb3+  1/2-1/2

[Event "ch-AUT"]
[Site "Linz AUT"]
[Date "2011.07.25"]
[Round "3"]
[White "Wallner,J"]
[Black "Holzmann,H"]
[Result "1-0"]
[WhiteElo "2328"]
[BlackElo "2127"]

1.e4 c5 2.Nf3 Nc6 3.d4 cxd4 4.Nxd4 e6 5.Nc3 a6 6.Nxc6 bxc6 7.Bd3 d5 8.O-O Nf6
9.Re1 Be7 10.e5 Nd7 11.Qg4 g6 12.Bh6 Qc7 13.Qh3 Bf8 14.Bxf8 Kxf8 15.Qh6+ Kg8
16.b3 Bb7 17.f4 Re8 18.Nd1 f5 19.exf6 Nxf6 20.Qg5 Qg7 21.Nf2 Kf7 22.Re5 Re7
23.Rf1 Rhe8 24.Qh4 Kg8 25.Ng4 Nxg4 26.Qxg4 Bc8 27.Rf3 Qf8 28.h4 Rg7 29.Qg5 Qb4
30.h5 gxh5 31.Qxh5 Ree7 32.Rg5 Qd4+ 33.Kh2 Rxg5 34.Qxg5+ Qg7 35.Qh4 Qf8 36.Rg3+ Kh8
37.Rg5 Rg7 38.Rxg7 Qxg7 39.Qd8+ Qg8 40.Qf6+ Qg7 41.Qd8+ Qg8 42.Qc7 a5 43.Kg1  1-0

[Event "II Grafica Yael GM"]
[Site "Torre Blanca ARG"]
[Date "2011.07.25"]
[Round "3"]
[White "Perez Ponsa,F"]
[Black "Real de Azua,E"]
[Result "1-0"]
[WhiteElo "2467"]
[BlackElo "2438"]

1.e4 c5 2.Nf3 Nc6 3.d4 cxd4 4.Nxd4 e6 5.Nc3 d6 6.Be3 Nf6 7.Qd2 Be7 8.f3 O-O
9.O-O-O d5 10.Be2 Bd7 11.exd5 Nxd5 12.Nxd5 exd5 13.Nb3 Be6 14.Kb1 Re8 15.Bb5 Qc7
16.Bxc6 bxc6 17.Bc5 Bf6 18.g4 a5 19.a4 d4 20.Bxd4 Bxb3 21.cxb3 Bxd4 22.Qxd4 Rab8
23.Ka2 h6 24.Rhe1 Rxe1 25.Rxe1 Qxh2 26.Qe5 Qxe5 27.Rxe5 Ra8 28.b4 axb4 29.Kb3 f6
30.Rc5 Ra6 31.Kxb4 Rb6+ 32.Kc3 Kf7 33.a5 Ra6 34.b4 Ke6 35.Kc4 Kd6 36.b5 cxb5+
37.Rxb5 Kc7 38.f4 Rd6 39.Rc5+ Kb8 40.Rd5 Re6 41.Kd4 Re1 42.Rd8+ Kc7 43.Rg8 g5
44.f5 Rd1+ 45.Ke4 Re1+ 46.Kf3 Ra1 47.Ra8 Ra3+ 48.Ke4 Kb7 49.Rf8 Rg3 50.Rxf6 Rxg4+
51.Ke5 h5 52.Rh6 h4 53.f6  1-0

[Event "Czech GM Open A"]
[Site "Pardubice CZE"]
[Date "2011.07.26"]
[Round "5.45"]
[White "Zimmermann,Ju"]
[Black "Gonzalez Menendez,I"]
[Result "1/2-1/2"]
[WhiteElo "2331"]
[BlackElo "2448"]

1.e4 c5 2.Nf3 e6 3.d4 cxd4 4.Nxd4 Nc6 5.Nc3 Qc7 6.g3 a6 7.Bg2 Nf6 8.O-O Be7
9.Re1 d6 10.a4 O-O 11.Nde2 b6 12.b3 Bb7 13.Bb2 Rfd8 14.Qd2  1/2-1/2

[Event "4th Paleohora Open"]
[Site "Paleochora GRE"]
[Date "2011.07.27"]
[Round "9"]
[White "Kostopoulos,E"]
[Black "Michelakos,P"]
[Result "1/2-1/2"]
[WhiteElo "2262"]
[BlackElo "2111"]

1.e4 c5 2.Nf3 e6 3.d4 cxd4 4.Nxd4 Nc6 5.Nc3 Qc7 6.Be3 a6 7.Be2 Nf6 8.O-O Bb4
9.Na4 Be7 10.Nxc6 bxc6 11.Nb6 Rb8 12.Nxc8 Qxc8 13.Bd4 O-O 14.e5 Nd5 15.b3 f6
16.exf6 Bxf6 17.Bc4 Qc7 18.g3 a5 19.a4 Nb6 20.Be2 d5 21.f4 e5 22.fxe5 Bxe5
23.Bxe5 Qxe5 24.Qd2 Rbe8 25.Rxf8+ Rxf8 26.Rf1 Rxf1+ 27.Bxf1 Nd7 28.Qe2  1/2-1/2

[Event "Czech GM Open A"]
[Site "Pardubice CZE"]
[Date "2011.07.27"]
[Round "6.76"]
[White "Kratochvil,Jo"]
[Black "Strunski,A"]
[Result "1-0"]
[WhiteElo "2230"]
[BlackElo "2352"]

1.e4 c5 2.Nf3 Nc6 3.d4 cxd4 4.Nxd4 e6 5.Nc3 Qc7 6.Be3 a6 7.Be2 Nf6 8.O-O Bb4
9.Na4 Bd6 10.Nxc6 bxc6 11.Nb6 Rb8 12.Nxc8 Rxc8 13.Bxa6 Ra8 14.Bd3 Bxh2+ 15.Kh1 Bf4
16.Bd4 Be5 17.c3 g5 18.Qd2 Rg8 19.Be3 Ng4 20.g3 h5 21.Be2 Nf6 22.Qd3 g4 23.Kg2 c5
24.Qc4 Qc6 25.Bd3 Rc8 26.a4 Kf8 27.a5 d5 28.exd5 Nxd5 29.Bh6+ Ke7 30.Be4 Rg6
31.Bd2 h4 32.Rfe1 Kf8 33.a6 h3+ 34.Kh2 Rf6 35.Re2 Qd6 36.Be1 Nb6 37.Qd3 Qc7
38.a7 c4 39.Qe3 Qd8 40.Bb7 Bc7 41.Bxc8 Qxc8 42.Qxb6 Qa8 43.Qc6  1-0

[Event "Open NK"]
[Site "Dieren NED"]
[Date "2011.07.28"]
[Round "9"]
[White "Van der Poel,H"]
[Black "Milov,L"]
[Result "0-1"]
[WhiteElo "2292"]
[BlackElo "2515"]

1.e4 c5 2.Nf3 e6 3.d4 cxd4 4.Nxd4 Nc6 5.Nc3 Qc7 6.Be3 a6 7.Be2 b5 8.Nxc6 Qxc6
9.e5 Bb7 10.Bf3 Qc7 11.O-O Bxf3 12.Qxf3 Rc8 13.Rad1 Ne7 14.Ne4 Ng6 15.Nd6+ Bxd6
16.exd6 Qc6 17.Qh5 O-O 18.c3 Qc4 19.a3 e5 20.Qf5 Qe6 21.Qxe6 fxe6 22.Rfe1 Rc4
23.f3 e4 24.fxe4 Rxe4 25.Bf2 Rxe1+ 26.Bxe1 e5 27.Bg3 Kf7 28.Kf2 Ke6+ 29.Ke3 Rc8
30.Rd3 Rc6 31.Rd1 a5 32.h3 a4 33.Bh2 Rxd6 34.Rf1 Rc6 35.g4 Rc4 36.Rf5 h6
37.Bg3 d6 38.Rf1 Ne7 39.Rf8 Rc8 40.Rf1 Nd5+ 41.Kd3 g5 42.Rf5 Nf6 43.Rf1 Rc4
44.Rf5 Nh5 45.Bh2 Nf4+ 46.Bxf4 Rxf4  0-1

[Event "TCh-POR 1st Div"]
[Site "Torres Vedras POR"]
[Date "2011.07.28"]
[Round "6.1"]
[White "Garcia Rodriguez,Vi"]
[Black "Luch,M"]
[Result "0-1"]
[WhiteElo "2222"]
[BlackElo "2413"]

1.e4 c5 2.Nf3 e6 3.d4 cxd4 4.Nxd4 Nc6 5.Nc3 Qc7 6.Be3 a6 7.Bd3 Nf6 8.O-O Nxd4
9.Bxd4 Bc5 10.Bxf6 gxf6 11.Qg4 Kf8 12.Ne2 b5 13.Ng3 Bb7 14.Rae1 h5 15.Qh4 Qe5
16.Kh1 Be7 17.f4 Qxb2 18.f5 Qe5 19.Nxh5 Bd6 20.g4 Ke7 21.Be2 Bb4 22.Bf3 Bxe1
23.Qxe1 Rac8 24.fxe6 fxe6 25.Bg2 Rxc2 26.Qb4+ d6 27.Nf4 Rg8 28.Nd3 Qc3  0-1

[Event "5th AD San Juan Open"]
[Site "Pamplona ESP"]
[Date "2011.07.29"]
[Round "6"]
[White "Solodovnichenko,Y"]
[Black "Aroshidze,L"]
[Result "1/2-1/2"]
[WhiteElo "2615"]
[BlackElo "2539"]

1.e4 c5 2.Nf3 e6 3.d4 cxd4 4.Nxd4 Nc6 5.Nc3 Qc7 6.Be3 Nf6 7.Qf3 a6 8.O-O-O Bb4
9.Nxc6 bxc6 10.Bd4 d5 11.Bxf6 gxf6 12.Qxf6 Rg8 13.exd5 cxd5 14.Bd3 Be7 15.Qf3 Rb8
16.Rde1 Qa5 17.Bxh7 Rg7 18.Qd3 d4 19.Ne2 Qxa2 20.Be4 Qxb2+ 21.Kd1 Qa1+ 22.Nc1 Bd7
23.Qh3 Bg5 24.Ke2 Ke7 25.f4 e5 26.Bf5 Bxf5 27.Qxf5 Bxf4 28.Nd3 Qc3 29.Nxf4 exf4
30.Qe5+ Kd7 31.Qxg7 Re8+ 32.Kf2 Qxc2+ 33.Kf3 Qc3+ 34.Kxf4 Qd2+ 35.Kf3 Qc3+
36.Kg4 Rxe1 37.Rxe1 Qxe1 38.Qxd4+ Ke7 39.Qa7+ Kf8 40.Qa8+ Kg7 41.Qxa6 Qe4+
42.Kh3 Qf5+ 43.Kg3 Qe5+ 44.Kh3  1/2-1/2

[Event "5th AD San Juan Open"]
[Site "Pamplona ESP"]
[Date "2011.07.29"]
[Round "6"]
[White "Reinaldo Castineira,R"]
[Black "Khamrakulov,I"]
[Result "1/2-1/2"]
[WhiteElo "2492"]
[BlackElo "2496"]

1.e4 c5 2.Nc3 Nc6 3.Nf3 e6 4.d4 cxd4 5.Nxd4 Qc7 6.Be3 Nf6 7.Bd3 Ne5 8.h3 a6
9.O-O Nc4 10.Bxc4 Qxc4 11.e5 Nd5 12.Ne4 Qc7 13.Qh5 g6 14.Qg5 b5 15.Rad1 h6
16.Qg3 Bb7 17.Nb3 O-O-O 18.Bc5 Kb8 19.Nd6 Ka8 20.Rd4 Bxd6 21.exd6 Qc6 22.c4 bxc4
23.Rxc4 g5 24.Na5 Qb5 25.b4 Nf4 26.Qb3 Bd5 27.a4 Bxc4 28.Nxc4 Qb7 29.f3 Rc8
30.Nb6+ Kb8 31.a5 Qc6 32.Qc4 Kb7 33.Rb1 f5 34.Kh1 Rhd8 35.Qd4 Qb5 36.Nc4 Ne2
37.Qd3 Nc3 38.Qxc3 Rxc5 39.bxc5 Qxb1+ 40.Kh2 Qb5 41.Nb6 Kc6 42.Qf6 Rb8 43.Nxd7 Kxd7
44.Qe7+ Kc6 45.Qc7+ Kd5 46.d7 Qc6 47.Qxb8 Qxd7 48.Qb3+ Kxc5 49.Qb6+ Kd5 50.Qxa6 Qc7+
51.Kh1 Qc1+ 52.Kh2 Qc7+ 53.Kh1 Qc1+ 54.Kh2 Qf4+ 55.Kh1 Qc1+  1/2-1/2

[Event "Czech GM Open A"]
[Site "Pardubice CZE"]
[Date "2011.07.29"]
[Round "8.17"]
[White "Maslak,K"]
[Black "Akesson,R"]
[Result "1-0"]
[WhiteElo "2561"]
[BlackElo "2429"]

1.e4 c5 2.Ne2 Nc6 3.Nbc3 e6 4.d4 cxd4 5.Nxd4 Qc7 6.f4 a6 7.Nxc6 Qxc6 8.Bd3 b5
9.Qe2 Bb7 10.Bd2 Bc5 11.O-O-O Ne7 12.Qg4 b4 13.Ne2 O-O 14.Ng3 f6 15.f5 Kh8
16.Rhf1 a5 17.Nh5 Rf7 18.Nf4 b3 19.Kb1 e5 20.Ng6+ hxg6 21.fxg6 Nxg6 22.Qxg6 bxc2+
23.Bxc2 Kg8 24.Rf3 a4 25.Rh3 Qb5 26.Bc3 Bb4 27.Bxb4 Qxb4 28.a3 Qc4 29.Qh7+ Kf8
30.Rc3 Qe6 31.Bd3 g5 32.Qh5 Kg7 33.Qe2 d5 34.exd5 Bxd5 35.Ka1 Rb8 36.Rb1 Bb3
37.Rf1 Rc8 38.Bf5  1-0

[Event "Czech GM Open A"]
[Site "Pardubice CZE"]
[Date "2011.07.29"]
[Round "8.51"]
[White "Gonzalez Menendez,I"]
[Black "Martin Alvarez,I"]
[Result "0-1"]
[WhiteElo "2448"]
[BlackElo "2315"]

1.e4 c5 2.Nf3 e6 3.d4 cxd4 4.Nxd4 Nc6 5.Nc3 Qc7 6.Be3 a6 7.Bd3 Nf6 8.Nb3 Be7
9.f4 d6 10.Qf3 b5 11.O-O Bb7 12.Kh1 h5 13.Qh3 Ng4 14.Bg1 Bf6 15.Be2 Rh6 16.Bxg4 hxg4
17.Qxg4 b4 18.Na4 Ne7 19.Qe2 Bc6 20.Nb6 Rb8 21.Qe3 Rg6 22.Rf3 Bxb2 23.Rd1 f5
24.Nc4 fxe4 25.Nxd6+ Qxd6 26.Rxd6 exf3 27.Bf2 Nf5 28.Qa7 Rb7 29.Qa8+ Kf7
30.Rd8 Rxg2 31.Rd2 Rxf2 32.Kg1 Rxd2 33.Nxd2 Bd4+ 34.Kf1 Bb5+ 35.Ke1 f2+ 36.Kd1 Rc7  0-1

[Event "Czech GM Open A"]
[Site "Pardubice CZE"]
[Date "2011.07.29"]
[Round "8.74"]
[White "Bruedigam,M"]
[Black "Steinberg,N"]
[Result "0-1"]
[WhiteElo "2322"]
[BlackElo "2259"]

1.e4 c5 2.Nf3 e6 3.d4 cxd4 4.Nxd4 Nc6 5.Nc3 Qc7 6.Be3 a6 7.Bd3 Nf6 8.O-O h5
9.h3 Bd6 10.Nxc6 dxc6 11.f4 e5 12.f5 b5 13.a4 b4 14.Nb1 Qe7 15.Qe1 Bc5 16.Nd2 h4
17.Bxc5 Qxc5+ 18.Kh2 a5 19.Nf3 Qe7 20.g4 Bd7 21.Qe2 g6 22.fxg6 fxg6 23.Qe3 Bxg4
24.Qg5 Bh5 25.Qxh4 O-O-O 26.Qg5 Rde8 27.Qxe5 Ng4+ 28.hxg4 Bxg4+ 29.Kg1 Qxe5
30.Nxe5 Rxe5 31.Rf6 Re6 32.Rf4 Bh3 33.Rd1 Kc7 34.Rf7+ Kb6 35.Rg7 Rh5 36.Rd2 Rhe5
37.Kh2 Bg4 38.Kg3 Bh5 39.Rh2 Rf6 40.Be2 Rxe4 41.Bxh5 gxh5 42.Rxh5 Re3+ 43.Kh4 Rf2
44.Rgg5 Rxc2  0-1

[Event "Czech GM Open A"]
[Site "Pardubice CZE"]
[Date "2011.07.29"]
[Round "8.27"]
[White "Biolek,R1"]
[Black "Jansa,Vl"]
[Result "1/2-1/2"]
[WhiteElo "2409"]
[BlackElo "2493"]

1.e4 c5 2.Nf3 e6 3.d4 cxd4 4.Nxd4 Nc6 5.Nc3 a6 6.Nxc6 bxc6 7.Bd3 d5 8.O-O Nf6
9.Re1 Be7 10.e5 Nd7 11.Qg4 g6 12.Bh6 Rb8 13.Qh3 Rb4 14.Bg7 Rh4 15.Qg3 Rg8
16.Bf6 Rb4 17.a3 Rxb2 18.Bxe7 Qxe7 19.Na4 Rb8 20.c4 Kf8 21.Qe3 Kg7 22.c5 Rf8
23.f4 f6 24.g3 fxe5 25.fxe5 Rb3 26.Reb1 Rxb1+ 27.Rxb1 Qd8 28.Nb6 d4 29.Qxd4 Nxb6
30.Qxd8 Rxd8 31.cxb6 Rxd3 32.b7 Bxb7 33.Rxb7+ Kh6 34.Rc7 Rc3 35.a4 Rc4 36.h4 a5
37.Kg2 g5 38.Re7 gxh4 39.gxh4 Kg6 40.Rxe6+ Kf5 41.Rh6 Kxe5 42.Rxh7 Rxa4 43.h5 c5
44.Kg3 Ra1 45.Ra7 a4 46.h6 Rh1 47.Rxa4 Rxh6 48.Kf3 Rd6 49.Ke3 Rd1 50.Ra8 c4
51.Re8+ Kf5 52.Rf8+ Ke6 53.Rc8  1/2-1/2

[Event "Politiken Cup"]
[Site "Helsingor DEN"]
[Date "2011.07.30"]
[Round "1.26"]
[White "Bulski,K"]
[Black "Marshall,Mi"]
[Result "1-0"]
[WhiteElo "2479"]
[BlackElo "1918"]

1.e4 c5 2.Nf3 e6 3.d4 cxd4 4.Nxd4 Nc6 5.Nc3 Qc7 6.Be2 a6 7.O-O Nf6 8.Kh1 Nxd4
9.Qxd4 Bc5 10.Qd3 b5 11.f4 Bb7 12.Bf3 O-O 13.e5 Ne8 14.Ne4 Be7 15.Be3 f5
16.Nd2 Bxf3 17.Nxf3 Rc8 18.a4 Qb7 19.Rfd1 d5 20.axb5 Qxb5 21.Rxa6 Qxd3 22.cxd3 Rc2
23.Nd4 Rxb2 24.Nxe6 Rb8 25.Nxf8 Kxf8 26.Rc1 g6 27.h3 Kf7 28.Ra7 Kf8 29.Bc5 Bxc5
30.Rxc5 Rd8 31.Rxh7  1-0

[Event "9th Metropolitan Invitational"]
[Site "Los Angeles USA"]
[Date "2011.07.30"]
[Round "7"]
[White "Liu,E"]
[Black "Peters,Ja"]
[Result "1-0"]
[WhiteElo "2291"]
[BlackElo "2377"]

1.e4 c5 2.Nc3 e6 3.Nf3 Nc6 4.d4 cxd4 5.Nxd4 d6 6.Nxc6 bxc6 7.Bd3 Nf6 8.O-O Be7
9.Qe2 Nd7 10.f4 O-O 11.Kh1 Rb8 12.b3 Bf6 13.e5 dxe5 14.Ne4 Be7 15.fxe5 Nxe5
16.Bf4 Nd7 17.Bxb8 Nxb8 18.Rad1 Qa5 19.Nd2 Qc7 20.Qh5 g6 21.Qh6 Qe5 22.Nc4 Qc5
23.Qf4 Na6 24.a3 Qg5 25.Qxg5 Bxg5 26.b4 Be7 27.Ne5 Nb8 28.Be4 Ba6 29.Rf2 c5
30.Nd7 cxb4 31.Nxf8 Kxf8 32.axb4 f5 33.Ra1 Bf6 34.Ra3 Bb2 35.Ra2 Bc3 36.Bd3 Bxd3
37.cxd3 Bd4 38.Rfc2 Nd7 39.Rc7 Ke7 40.b5 Bb6 41.Rcxa7 Bxa7 42.Rxa7 Kd6 43.Ra6+ Kc5
44.Rxe6 Kxb5 45.Re7 Nf6 46.h3 Kb4 47.Rf7 Nh5 48.Rxh7 Kc3 49.Rd7 Nf4 50.Rd6 Kd2
51.Kh2 Ke3 52.h4  1-0

[Event "Czech GM Open A"]
[Site "Pardubice CZE"]
[Date "2011.07.30"]
[Round "9.92"]
[White "Zimmermann,Ju"]
[Black "Wagener,Cl"]
[Result "0-1"]
[WhiteElo "2331"]
[BlackElo "2232"]

1.e4 c5 2.Nf3 e6 3.d4 cxd4 4.Nxd4 Nc6 5.Nc3 d6 6.Be3 Nf6 7.Bc4 Be7 8.Qe2 O-O
9.O-O-O a6 10.Bb3 Qe8 11.Rhg1 Nd7 12.g4 Nc5 13.g5 Bd7 14.Qh5 Nxd4 15.Bxd4 Nxb3+
16.axb3 f5 17.g6 h6 18.e5 d5 19.Ne2 f4 20.f3 a5 21.Rg4 Rf5 22.Qh3 a4 23.bxa4 Rxa4
24.b3 Ra2 25.Kb1 Ra6 26.Rxf4 Rxf4 27.Nxf4 Qd8 28.Nh5 Bb5 29.Nf6+ Kh8 30.Rg1 Bf8
31.Kc1 Rc6 32.Kb2 Qa5 33.f4 Qd2 34.Bc3 Rxc3  0-1